00590nam a2200205Ia 450000500170000000800410001704000190005804100120007708200200008910000250010924500800013426000390021430000110025344000280026450400300029265000100032265100180033270000240035085000100037420240812091353.0131103s9999 xx 000 0 und d aLoreto College aEnglish a822.33bSHA-HAR aShakespeare, William 4aThe life of Henry the fifthcWilliam Shakespeare; edited by Harrison, G. B. aHarmondsworthbPenguin Booksc1959 a152p.  aThe penguin Shakespeare aIncludes glossary & notes aHenry aEnglish drama aHarrison, G.B.; ed. aLCBED